000 00735nam a22001697a 4500
008 170204s2016 cr||||| |||| 00| 0 spa d
082 0 4 _a751.422
_bU75a
100 1 _aUreña Rodríguez, Jose Pablo.
_95717
245 1 0 _aUna aproximación a la acuarela /
_cJose Pablo Ureña Rodríguez.
250 _a1a ed.
260 _aSan José, Costa Rica :
_bEdiciones 1390,
_c2016.
300 _a32 p.
500 _aEsta publicación se terminó de imprimir en el mes de abril de 2016, como parte del programa Alter Academia de Fundación Teor/ética. Como primera edición cuenta con 30 ejemplares, producidos bajo la supervisión de Adrián Flores Sancho.
653 1 0 _aPintura
653 1 0 _aAcuarela - Técnicas
653 1 0 _aArte - Costa Rica
999 _c1134
_d1134